000 00729nam a2200241Ia 4500
003 3228
005 20250808111625.0
008 220713s9999 xx 000 1 Afr d
020 _a9781431604784
_qpbk
040 _aRDA
_c2000
041 _2A
082 _aAF RIVE
100 _aRivers, Francine
245 0 _aDie rooi koord /
_cFrancine Rivers ; vertaal deur Gerda-Mari Zietsman
260 _aVereeniging ;
_bChristelike Uitgewersmaatskappy,
_c2014.
300 _a432 pages
_c22 cm.
655 0 _9188069
_aReligious Fiction
655 0 _9189056
_aAfrikaans Fiction
655 0 _9188670
_aHuman Relations Fiction
700 _9196187
_aZietsman, Gerda-Mari
_eTranslator
942 _y296
_zPhillipina Naude
942 _cBK
_2ddc
999 _c684426
_d684425